000 00625nam a2200229 a 4500
008
020 _a1779000928 (pbk.)
049 _aMAIN
090 _aLB1025
100 1 _aKasambira, K. P.
245 1 0 _aTeaching methods /
_cK.P.Kasambira.
260 _aHarare, Zimbabwe :
_bCollege press,
_cc1993.
300 _a 158 p. ;
_c21 cm.
504 _aIncludes bibliographical references.
500 _aIncludes index.
650 0 _aTeaching.
907 _a.b10127392
_b21-03-12
_c16-06-04
003
005 20230123133740.0
040 _cNUST
942 _cBOOKS
_kLB1025
999 _c153979
_d153979